000 nam a22 a 4500
999 _c123775
_d123775
003 BLK
005 20220725095017.0
008 180409b bul|||||r ||||||| ||bul||
010 _aKNG00129438000
040 _aBLK
041 _aBUL
_cBUL
080 _aВещества от естествен произход и тяхните смеси. Лекарствени суровини. Фармакогнозия. Вещества от животински и минерален произход. Минерални води
_b615.32
_x(075.8)
_z615.32(075.8)
100 1 _aАхтарджиев, Христо Захариев
_eпърви автор
_9374814
139 _aАхтарджиев, Христо Захариев и др.
_bА 95
245 1 0 _aРъководство за практически упражнения по фармакогнозия
_bЗа студенти-фармацевти
_cХристо Захариев Ахтарджиев; съавт. Ана Бонева; съавт. Диана Иванова Панова.
257 _aBGR
260 _bМедицина и физкултура
_c1972
_fПловдив : Д. Благоев
_aСофия
300 _a200 с.
_bс ил.
_c22 см
380 _a61
500 _a2 050 тир.
650 4 _aФармакология - учебници за ВУЗ
_9281512
653 _aфармакология
653 _aучебници за ВУЗ
700 1 _aБонева, Ана
_eсъавт.
_9366195
700 1 _aПанова, Диана Иванова
_eсъавт.
_9318426
852 _aЦб 63762
_bЦб
856 4 _qpdf
856 4 _qpdf
942 _cKNG
_n0
_s1
944 _aCR
_c30.03.2012
_l30.03.2012 - от С1,Р / 30.03.2012
_kДиана_Димитрова
944 _aED
_c30.03.2012
_l30.03.2012 - от С1,Р / 30.03.2012
999 _d123775